000 00886nam a22001817a 4500
005 20260226120645.0
010 _aHIN-130298
020 _c315.00
_a9789381620083
035 _aHN-102644
037 _bDBAD
082 _a181.432
100 _aसत्यानन्द सरस्वती
_987459
245 _aअजपा जप एवं चिदाकाश धारणा /
_cसत्यानन्द सरस्वती
260 _aबिहार
_bयोग पब्लिकेशन्स ट्रस्ट,
_c2012
270 _aयोग पब्लिकेशन्स ट्रस्ट, गरुण विष्णु गंगा दर्शन ;फोर्ट मुंगेर बिहार ,
_bबिहार
_e110002
300 _a69 पृ.
_c22 सेमी (अजिल्द )
942 _2ddc
_cHN
_h181.432
_mSAR
999 _c214928
_d214928